000 00346nam a22001457a 4500
020 _a978-1-292-39980-5
082 _a657.48
100 _aElliott, Jamie
245 _aFinancial Accounting and Reporting
250 _a20th
260 _aHarlow:
_bPearson,
_c2022
300 _axxv, 801p.: ill.; 25cm
700 _aElliott, Barry
942 _cBK
999 _c22147
_d22147